Les 30 pays du monde les plus peuplés en 2100 - Statistiques

Statistiques générales
  • Ce quiz a été pris 284 fois
  • Le résultat moyen est 10 sur 30
Statistiques - réponses
Population en 2022 Pays Population en 2100 Pays % Correct
1 1 425.90 Chine 1.533.40 Inde 1
100%
2 1 417.20 Inde 771.3 Chine 2
98%
3 338.3 Etats-Unis 545.7 Nigeria 3
86%
4 275.5 Indonésie 486.7 Pakistan 4
77%
6 218.5 Nigeria 393.99 Etats-Unis 6
57%
5 235.8 Pakistan 430.99 RD Congo 5
57%
7 215.3 Brésil 323.28 Ethiopie 7
49%
8 171.2 Bangladesh 297.12 Indonésie 8
46%
10 127.5 Mexique 205.11 Egypte 10
40%
11 124 Japon 185.10 Brésil 11
39%
9 144.7 Russie 243.99 Tanzanie 9
38%
13 115.6 Philippines 176.96 Bangladesh 13
37%
12 123.4 Ethiopie 180.23 Philippines 12
37%
19 83.4 Allemagne 116.09 Mexique 19
27%
18 85.3 Turquie 120.32 Russie 18
25%
20 71.7 Thaïlande 112.46 Kenya 20
23%
25 59 Italie 91.25 Vietnam 25
23%
30 47.6 Espagne 82.77 Turquie 30
20%
14 111 Egypte 166.16 Niger 14
18%
17 88.6 Iran 131.98 Ouganda 17
15%
15 99 RD Congo 141.62 Soudan 15
14%
16 98.2 Vietnam 132.52 Angola 16
13%
28 51.9 Colombie 86.86 Mali 28
12%
24 59.9 Afrique-du-Sud 105.96 Mozambique 24
12%
27 54 Kenya 86.87 Cameroun 27
11%
23 64.6 France 110.74 Afghanistan 23
10%
26 54.2 Birmanie 89.11 Côte d'ivoire 26
10%
22 65.5 Tanzanie 111.32 Irak 22
10%
29 51.8 Corée-du-Sud 83.12 Madagascar 29
9%
21 67.5 Royaume-Uni 112.2 Russie 21
8%
Aucun quiz correspondant
Distribution des résultats
% des personnes avec chaque résultat
Percentile par nombre de réponses
Votre historique - résultats
Vous n’avez pas pris ce quiz